000 00338nam a2200133Ia 4500
005 20251222155106.0
008 251222s9999||||xx |||||||||||||| ||spa||
082 _aENC. 09.2
100 _aRAHNER , KARL
245 0 _aEnciclopedia Sacramentum Mundi 2 Costumbre Eucaristía.
250 _a1ra. ed.
264 _bHerder
942 _cLIB
999 _c37878
_d37878